000
00198 a2200109 4500
020
_a
9788499290003
041
_a
spa
100
_a
Anonimo
245
_a
In guide Berlin
942
_c
BK
952
_7
1
999
_c
22612
_d
22612